000
00200 a2200097 4500
001
16445
100
_a
Ferzsons
245
_a
Naseemullughat
260
_a
Lahore
_b
Feroz sons
_c
090
_c
12533
_d
12533
942
_a
NUST-CAE
_c
M
_c
2818
999
_c
251518
_d
251518